000 01051nac a22003137a 4500
001 BR7305607
003 BR-BrBNA
005 20240105113530.0
008 230509b bl.|||m| |||| 00| 0 por d
040 _aBR-BrBNA
_bpor
_cBiblioteca Nacional de Agricultura
072 _aM10
090 _a8150 BR7305607
100 1 _aYesaki, M.
100 1 _aRahn, E.
100 1 _aSilva, G.
110 1 _aPrograma de Pesquisa e Desenvolvimento Pesqueiro do Brasil, Brasilia, DF
_97975
245 1 _aSumario das exploracoes de peixes de arrasto de fundo ao largo da costa do sul do Brasil
260 3 _aBrasilia, DF (Brasil):
_cNov 1976.
300 _a44 p.
490 _aDocumentos Tecnicos - Programa de Pesquisa e Desenvolvimento Pesqueiro do Brasil (Brazil)
_vno. 19
_x
500 _a7 graphs; 11 tables; 15 ref.; Summaries (En, Pt)
650 _aProducao pesqueira
650 _aPeixe
650 _aZona litoranea
650 _aPesquisa
650 _aRegiao sul
909 _a202312
_bLúcia Elande
_c55
_dLúcia Elande
942 _2AGRIS
_n0
_cMS
999 _c264281
_d264281